Welcome to CU Library Online Public Access Catalogue (OPAC)

Calculus of a single variable/ (Record no. 1322)

MARC details
000 -LEADER
fixed length control field 00625nam a22001937a 4500
005 - DATE AND TIME OF LATEST TRANSACTION
control field 20241118191231.0
008 - FIXED-LENGTH DATA ELEMENTS--GENERAL INFORMATION
fixed length control field 241118b |||||||| |||| 00| 0 eng d
020 ## - INTERNATIONAL STANDARD BOOK NUMBER
International Standard Book Number 9780618606252
050 ## - LIBRARY OF CONGRESS CALL NUMBER
Classification number QA303.2
Item number .L383
100 ## - MAIN ENTRY--PERSONAL NAME
Personal name Larson, Ron
245 ## - TITLE STATEMENT
Title Calculus of a single variable/
Remainder of title early transcendental functions
Statement of responsibility, etc. Ron Larson, Robert Hostetler & Bruce H. Edwards
250 ## - EDITION STATEMENT
Edition statement 4th Ed.
260 ## - PUBLICATION, DISTRIBUTION, ETC.
Place of publication, distribution, etc. Boston
Name of publisher, distributor, etc. Houghton Mifflin Company
Date of publication, distribution, etc. 2007
300 ## - PHYSICAL DESCRIPTION
Extent xxiii.760.various pagings
Other physical details ill. some color
Dimensions 27cm
650 ## - SUBJECT ADDED ENTRY--TOPICAL TERM
Source of heading or term Calculus
700 ## - ADDED ENTRY--PERSONAL NAME
Personal name Hostetler, Robert
700 ## - ADDED ENTRY--PERSONAL NAME
Personal name Edwards, Bruce H.
942 ## - ADDED ENTRY ELEMENTS (KOHA)
Source of classification or shelving scheme Library of Congress Classification
Koha item type Books
Edition 4th Ed.
Suppress in OPAC No
999 ## -
-- 1322
-- 1322
Holdings
Withdrawn status Lost status Source of classification or shelving scheme Damaged status Not for loan Collection Home library Current library Shelving location Date acquired Total checkouts Full call number Barcode Date last seen Copy number Price effective from Koha item type
    Library of Congress Classification     Non-fiction Science Library (Miotso) Science Library (Miotso) General stacks 11/18/2024   QA303.2 .L383 LAR SLM00000697 11/18/2024 1 11/18/2024 Books
    Library of Congress Classification     Non-fiction Science Library (Miotso) Science Library (Miotso) General stacks 11/18/2024   QA303.2 .L383 LAR SLM00000698 11/18/2024 2 11/18/2024 Books
© 2023-2024 Copyright: Central University Libraries. All Rights Reserved | Created by: Mahone Tech Office